000 00758nam a2200265Ia 4500
003 OSt
005 20220918192839.0
006 a|||||r|||| 00| 0
007 ta
008 220917b |||||||| |||| 00| 0 eng d
024 _a70,726
037 _cTextual
040 _aARTS
_cARTS
_beng
041 _2eng
_aeng
082 _aR4xM66x, L1
100 _aBroad C D
_942418
245 0 _aBroad's critical essays in moral philosophy
260 _aLondon
_bGeorge Allen and Unwin UK
_c1971
300 _a370p.
_ccm.
490 _amuirhead library of philosophy ed by H D Lewis
650 _aETHICS
700 _a Cheney David R. Ed.
_980443
942 _hR4xM66x, L1
_cTEXL
_2CC
999 _c196819
_d196819